000 00356 a2200145 4500
082 _a001.42
090 _c7035
_d7035
100 _aBlaxter,Loraine
245 _aHow to Research.
_cLoraine Blaxter
250 _a3rd.
260 _apakistan
_bopen university peer Moiden
_c2008
300 _a287p.
500 _aPaper cover
942 _aNBS
_cBK
_k001.42 BLA
999 _c349367
_d349367